Vista normal Vista MARC

Entrada Materia (corporativa)

Número de registros utilizados en: 1

001 - CONTROL NUMBER

  • control field: 157818

003 - CONTROL NUMBER IDENTIFIER

  • control field: Co-BoUCM

005 - DATE AND TIME OF LATEST TRANSACTION

  • control field: 20211110114404.0

008 - FIXED-LENGTH DATA ELEMENTS

  • fixed length control field: 211110|| aca||aabn | a|a d

040 ## - CATALOGING SOURCE

  • Original cataloging agency: Co-BoUCM
  • Transcribing agency: Co-BoUCM

110 ## - HEADING--CORPORATE NAME

  • Corporate name or jurisdiction name as entry element: Camara de Comercio de Cali

670 ## - SOURCE DATA FOUND

  • Source citation: Work cat.: (Co-BoUCM)29255: Camara de Comercio de Cali, Entidades privadas sin ánimo de lucro Instructivo, registros en C mara de Comercio, 1997